Los árabes (Record no. 179319)

MARC details
000 -LEADER
campo de control de longitud fija 00996nam a2200289 i 4500
001 - NÚMERO DE CONTROL
campo de control 179319
003 - IDENTIFICADOR DE NÚMERO DE CONTROL
campo de control ES-MaACL
005 - FECHA Y HORA DE LA ÚLTIMA TRANSACCIÓN
campo de control 20230921152621.0
008 - DATOS DE LONGITUD FIJA--INFORMACIÓN GENERAL
campo de control de longitud fija 111028s2010 sp abcf |||| |dspa d
020 ## - NÚMERO INTERNACIONAL ESTÁNDAR DEL LIBRO
Número Internacional Estándar del Libro 978-84-9892-138-0
080 ## - NÚMERO DE LA CLASIFICACIÓN DECIMAL UNIVERSAL
Número de la Clasificación Decimal Universal 94(5/6=411.21)
100 1# - ENTRADA PRINCIPAL--NOMBRE DE PERSONA
Nombre de persona Rogan, Eugene L.
9 (RLIN) 148435
245 14 - MENCIÓN DEL TÍTULO
Título Los árabes
Resto del título : del Imperio otomano a la actualidad /
Mención de responsabilidad, etc. Eugene Rogan ; traducción castellana de Tomás Fernández Aúz y Beatriz Eguibar.
250 ## - MENCION DE EDICION
Mención de edición 1ª ed.
260 ## - PUBLICACIÓN, DISTRIBUCIÓN, ETC.
Lugar de publicación, distribución, etc. Barcelona :
Nombre del editor, distribuidor, etc. Crítica,
Fecha de publicación, distribución, etc. 2010.
300 ## - DESCRIPCIÓN FÍSICA
Extensión 846 p., [24] p. de lám. col. y n., fot. :
Otras características físicas mapas ;
Dimensiones 24 cm.
490 1# - MENCIÓN DE SERIE
Mención de serie Serie mayor
500 ## - NOTA GENERAL
Nota general Índice.
651 #7 - PUNTO DE ACCESO ADICIONAL DE MATERIA--NOMBRE GEOGRÁFICO
Nombre geográfico Países árabes-
Subdivisión general Historia.
9 (RLIN) 148436
700 1# - ENTRADA AGREGADA--NOMBRE PERSONAL
Nombre de persona Fernández Aúz, Tomás.
9 (RLIN) 49489
700 1# - ENTRADA AGREGADA--NOMBRE PERSONAL
Nombre de persona Eguibar, Beatriz.
9 (RLIN) 46750
830 0# - PUNTO DE ACCESO ADICIONAL DE SERIE-TÍTULO UNIFORME
Título uniforme Serie mayor
9 (RLIN) 177793
852 ## - LOCALIZACIÓN
Ubicación ES-MaACL
itemnumber 186206
Sublocalización o colección R.146683
Número de control de estantería A-11682
Signatura antigua Olim: N-4687
Ubicación en estantería Depósito 1
942 ## - ELEMENTOS DE ENTRADA SECUNDARIOS (KOHA)
Fuente del sistema de clasificación o colocación Clasificación decimal universal
Tipo de ítem Koha Libro impreso
Holdings
Estatus retirado Estado de pérdida Fuente del sistema de clasificación o colocación Estado de daño No para préstamo Biblioteca de origen Biblioteca actual Ubicación en estantería Fecha de adquisición Fuente de adquisición Total de préstamos Signatura topográfica completa Código de barras Visto por última vez Precio de reemplazo Tipo de ítem Koha
    Clasificación decimal universal     Biblioteca del Ateneo de Madrid Biblioteca del Ateneo de Madrid Depósito 1 28/10/2011 Compra   A-11682 1188377 23/02/2023 23/02/2023 Libro impreso